[Event "Molise Region-ch"]
[Site "Campobasso"]
[Date "2008.01.19"]
[Round "1"]
[White "Bottega, Antonio"]
[Black "Patriarchi, Emanuele"]
[Result "1-0"]
[WhiteElo "1953"]
[BlackElo "1455"]
[PlyCount "83"]
[EventDate "2008.01.19"]
[EventType "swiss"]
[EventRounds "3"]
[EventCountry "ITA"]
[SourceTitle "EXT 2011"]
[Source "ChessBase"]
[SourceDate "2010.11.26"]
[SourceVersion "1"]
[SourceVersionDate "2010.11.26"]
[SourceQuality "1"]

1. e4 e5 2. Nf3 Nf6 3. Nxe5 Qe7 4. d4 d6 5. Nc4 Qxe4+ 6. Ne3 Be7 7. Nc3 Qe6 8. Bc4 Qd7 9. 0-0 0-0 10. Re1 c6 11. a4 d5 12. Bd3 Bd6 13. Nf5 Qc7 14. Nxd6 Qxd6 15. b3 Re8 16. Rxe8+ Nxe8 17. Ba3 Qd8 18. Qh5 Nf6 19. Qh4 Be6 20. Bxh7+ Kh8 21. Bf5+ Kg8 22. Bxe6 fxe6 23. Re1 Qd7 24. Qh3 Kf7 25. Qh8 Qe8 26. Qh3 Nbd7 27. f4 g6 28. Bd6 Nb6 29. a5 Nbd7 30. b4 a6 31. Nd1 Rd8 32. Nf2 Nb8 33. Be5 Qh8 34. Qe3 Qe8 35. Bxf6 Kxf6 36. Ng4+ Kf7 37. Nh6+ Kg7 38. Qe5+ Kxh6 39. Re3 Kh7 40. Rh3+ Kg8 41. Qh8+ Kf7 42. Rh7# 1-0